| 000 | 00441nam a2200157Ia 4500 | ||
|---|---|---|---|
| 008 | 160316s1997 xxu||||| |||| 00| 0 eng d | ||
| 082 |
_a301.090000 _bKEE |
||
| 100 | _aKeer Dhananjay | ||
| 245 | _aMahatma Jatirao Phooley : Father of Indian social revolution | ||
| 250 | _a | ||
| 260 |
_aBombay _bPopular Prakashan _c1997 |
||
| 300 |
_a295p _b295p* _c |
||
| 365 | _bRs.300 | ||
| 650 | _a1.Phooley Mahatma Jotirao - Biography | ||
| 700 |
_a _a |
||
| 999 |
_c12845 _d12845 |
||